U.S. Geography by Letter - Q - Statistics

General Stats
  • This quiz has been taken 73 times
  • The average score is 3 of 8
Answer Stats
Hint Answer % Correct
One of the five boroughs of New York City Queens
100%
The U.S. has the highest percent of this denomination known as the "Religious Society of Friends" Quaker
77%
The "Birthplace of the American Dream" as it was the birthplace for two U.S. Presidents Quincy
55%
U.S. Marine Corps base located in Virginia Quantico
44%
Landmark bridge in New York that connects the boroughs of Queens and Manhattan Queensboro
23%
Fastest-growing suburb of Phoenix Queen Creek
15%
Native American tribe located in Washington state, featured in the Twilight movies Quileute
12%
National historic landmark in North Carolina for the remains of Blackbeard the pirate's ship Queen Anne's Revenge
11%
No matching quizzes found
Score Distribution
Percent of People with Each Score
Percentile by Number Answered
Your Score History
You have not taken this quiz